000 00380cam a2200145ua 4500
041 _aeng
_h
082 _a951
_bMON/AR
100 _aMongait, Alexander.
245 _aArchaeology in the U.S.S.R /
_cAlexander Mongait.
_hTextual Documents
260 _aMoscow :
_bForeign language publishing house ,
_c1959.
300 _a429 ; .
504 _a
942 _cBK
999 _c645
_d645